000
00202 a2200097 4500
001
47015
100
_a
Moxon
245
_a
After the Monsoon
260
_a
London
_b
Robert Hale
_c
090
_c
30083
_d
30083
942
_a
NUST-CAE
_c
M
_c
22318
999
_c
282088
_d
282088